header

Children's literature (Record no. 38439)

MARC details
000 -LEADER
fixed length control field 01620nam a2200385Ia 4500
082 04 - DEWEY DECIMAL CLASSIFICATION NUMBER
Classification number 820.99282
100 1# - MAIN ENTRY--AUTHOR NAME
Personal name Reynolds, Kimberley.
245 10 - TITLE STATEMENT
Title Children's literature
250 ## - EDITION STATEMENT
Edition statement 2nd ed.
260 ## - PUBLICATION, DISTRIBUTION, ETC. (IMPRINT)
Place of publication Tavistock, Devon, U.K. :
Name of publisher Northcote House,
Year of publication 2012.
300 ## - PHYSICAL DESCRIPTION
Number of Pages xi, 98 p. :
Other physical details ill.
490 1# - SERIES STATEMENT
Series statement Writers and their work
500 ## - GENERAL NOTE
General note "British Council."
General note "Updated version of Children's literature in the 1890s and the 1990s"--P. [4] of cover.
650 #0 - SUBJECT ADDED ENTRY--TOPICAL TERM
Topical Term Children's literature
Topical Term Children
856 40 - ELECTRONIC LOCATION AND ACCESS
Uniform Resource Identifier http://site.ebrary.com/lib/rucke/Doc?id=10723911

No items available.

© 2026 Rongo University
Contact us: librarian | system librarian | Rongo university